000 00303nam a22001337a 4500
008 170711b xxu||||| |||| 00| 0 eng d
020 _a9781562613815
041 _aeng
080 _a030
100 _a23
101 _aENC
245 _aENCYCLOPEDIA OF EXTREMELY WEIRD
_cLAVETT.S
942 _2udc
_cBK
999 _c20228
_d20228